|
|
|
|
| LEADER |
00000cam a2200000 a 4500 |
| 001 |
vtls008320291 |
| 003 |
SK-MaSNL |
| 005 |
20260302074307.0 |
| 008 |
230403s1972 xo 010 0 slo |
| 015 |
|
|
|a SNBA1972/05-01342
|
| 035 |
|
|
|a SK01SNK19720012508
|
| 035 |
|
|
|a urn:nbn:sk:snk-am3hfi6
|
| 035 |
|
|
|a A14774B0-4748-4398-AFB4-D75AD6383457
|
| 035 |
|
|
|a urn:nbn:sk:snk-am00cyi6
|
| 035 |
|
|
|a SKM000014971
|
| 040 |
|
|
|a SNK
|b slo
|c SNK
|e AACR2
|
| 041 |
0 |
|
|a slo
|
| 044 |
|
|
|a xo
|c SK
|
| 080 |
|
|
|a 78.087.684(437.6)(091)"1932/1972"
|2 1981
|
| 100 |
1 |
|
|a Muška, Karol
|4 aut
|9 739752
|
| 245 |
1 |
0 |
|a Pamätnica speváckeho zboru Drotár
|b 1932-1972
|c Karol Muška ; autorsky prispeli: Janko Blaho ... [et al.] ; fot. Štefan Kolínek, Ján Beňovič, Jozef Habánek
|
| 260 |
|
|
|a Trenčín
|b ZK ROH TOS
|c [1972]
|
| 300 |
|
|
|a 45, [1] s.
|c 12°
|
| 500 |
|
|
|a Použ. pramene. Mp. Zozn.
|
| 500 |
|
|
|a Na tit. liste: Spevácky zbor Drotár pri ZK ROH TOS, Trenčín
|
| 500 |
|
|
|a Vyd. ZK ROH TOS pre Spevácky zbor Drotár v Trenčíne
|
| 610 |
2 |
7 |
|a Drotár (spevácky zbor : Trenčín, Slovensko)
|2 SNKKA
|9 739753
|
| 648 |
|
7 |
|a 1932-1972
|2 SNKPH
|9 469331
|
| 650 |
0 |
7 |
|a spevácke zbory
|2 SNKPH
|9 3197
|
| 651 |
|
7 |
|a Trenčín (Slovensko)
|2 SNKPHgeo
|9 159956
|
| 655 |
|
7 |
|a pamätnice
|2 SNKPH
|9 282423
|
| 700 |
1 |
|
|a Blaho, Janko,
|d 1901-1981
|4 aut
|9 107893
|
| 700 |
1 |
|
|a Kolínek, Štefan
|4 pht
|9 739754
|
| 700 |
1 |
|
|a Beňovič, Ján
|4 pht
|9 739755
|
| 700 |
1 |
|
|a Habánek, Jozef
|4 pht
|9 739756
|
| 852 |
|
|
|a Slovenská národná knižnica
|
| 954 |
|
|
|a iná literatúra (príručky, kuchárske knihy, hobby literatúra, sprievodcovia) pôvodná (slovenská)
|2 lita
|
| 958 |
|
|
|a OND
|
| 958 |
|
|
|a EUIPO
|
| 958 |
|
|
|a RK
|
| 999 |
|
|
|c 1164477
|d 1166407
|
| 952 |
|
|
|t P60, <03>, [BOOK], {603}
|a SNK
|b SNK
|y PREZ
|7 0
|p 17A0768545
|o snkSE 5525
|i snkKSP 4288/72
|0 0
|1 0
|4 0
|d 1998-10-08
|f 1
|l 0
|r 2005-01-02 00:00:00
|w 2026-02-24
|
| 952 |
|
|
|t P60, <04>, [BOOK], {604}
|a SNK
|b SNK
|y VYP
|7 0
|o snkSE 5525 D1
|i snkKSP 4289/72
|0 0
|1 0
|4 0
|d 1998-10-08
|l 0
|r 2005-01-02 00:00:00
|w 2026-02-24
|